Responses for Show #3460 - Friday, September 24, 1999

Contestants

[<< previous game]

David Stuart, an attorney from Los Angeles, California

Mike Long, a school librarian originally from Simsbury, Connecticut

Dylan McKenna, an actor from Los Angeles, California (whose 2-day cash winnings total $14,900)

[next game >>]

Jeopardy! Round responses

PRESIDENTIAL AUTHORS
MUSIC OF THE '60s
(Alex: 1960s, obviously!)
COMMIE TALK
CITY SEALS
HAT HAPPY
ROUND NUMBER, PLEASE
(Alex: Each response will end with a zero)
    $100 26
Teddy Roosevelt

David
    $100 1
George Harrison

Mike
    $100 6
(David: What is Communism?)

Leninism

MikeDavid
    $100 11
Seattle

Mike
    $100 16
Court jester

Dylan
    $100 21
70

David
    $200 27
Ronald Reagan

Triple Stumper
    $200 2
"Raindrops Keep Fallin' on My Head"

David
    $200 7
Secretariat

Triple Stumper
    $200 12
Houston

Dylan
    $200 17
Fez

Mike
    $200 22
10,000

Mike
    $300 28
Herbert Hoover

Triple Stumper
    $300 3
"King of the Road"

Mike
    $300 8
Running dogs

Triple Stumper
    $300 13
Philadelphia

Dylan
    $300 18
Stetson

Mike
    $300 23
180

David
    $500 29
John F. Kennedy

David
    $400 4
Donovan

Dylan
    $400 9
Fellow traveler

Triple Stumper
    $400 14
Columbus, Ohio

Triple Stumper
    $400 19
Panama hat

Dylan
    $400 24
(David: What is 100?)

60

MikeDavid
    $500 30
Dwight D. Eisenhower

Triple Stumper
    $500 5
(David: Who is Natalie Cole?)

Nancy Sinatra

DylanDavid
    $500 10
(Alex: Aren't you glad we're rid of all those Commies?)

Comintern

Triple Stumper
    $500 15
Cotton

Dylan
    $500 20
(Alex: And that guy looks pretty mean, we should have sent him over there!)

Doughboys

Mike
    $500 25
150

Triple Stumper

Scores at the first commercial break (after clue 15):

Dylan Mike David
$1,900 $600 -$400

Scores at the end of the Jeopardy! Round:

Dylan Mike David
$2,400 $2,200 $200

Double Jeopardy! Round responses

UNITED "STATE"S
CHINESE LEADERS
RUSSIAN RECIPES
AMERICAN LITERATURE
EARLY BRITISH CINEMA
CANADIAN TOURISM
    $200 1
Stateroom

David
    $200 24
Mao Tse-tung

Dylan
    $200 18
Vodka

Dylan
    $200 9
Jack London

Mike
    $200 16
Talkie

Dylan
    $200 6
Niagara Falls

Dylan
    $400 2
(M: What is the Secretary of State?)
(Alex: Judges? - Yeah, we'll accept that)

Department of State

Mike
    $400 25
Chiang Kai-shek

Mike
    $400 19
Borscht

Dylan
    $400 8
Ernest Hemingway

Dylan
    $400 17
1895

Triple Stumper
    $400 7
Alexander Graham Bell

David
    $600 3
State of the Union

Mike
    $600 26
Pu Yi

Mike
    $600 20
Cabbage

Dylan
    $600 10
Larry McMurtry

Triple Stumper
    $600 22
"A Study in Scarlet"

David
    $600 13
Vancouver

Dylan
    $800 4
State of the art

David
    $800 27
Jiang Zemin

Dylan
    $800 21
Pumpkin

Triple Stumper
    $800 11
"Absalom, Absalom!"

Dylan
    $800 28
Henry VIII

Triple Stumper
    $1,000 14
(Dylan: What is Toronto?)

Stratford, Ontario

Dylan
    $1000 5
(M: What is Happy Valley?)

State College

DylanMike
    $1000 30
Teng Hsiao-ping

Mike
    $1,500 23
(minute to go...)

Rasputin

David
    $1000 12
Susan Sontag

Triple Stumper
    $1000 29
Betty Balfour

Triple Stumper
    $1000 15
Manitoba

Mike

Scores at the end of the Double Jeopardy! Round:

Dylan Mike David
$6,800 $5,400 $3,700

[wagering suggestions for these scores]

Final Jeopardy! Round responses

OLYMPICS 2000
(Alex: People are starting to talk about it a lot.)
(Alex: The event is in three parts, and even in my prime, I could not have done well in one of the three.)
...
(Alex: [To David] And you added an "A", but that's okay, we'll not penalize you for that spelling mistake.)
...
(Alex: [Announcing Dylan as a 3-time champion] It almost beats acting, doesn't it, Dylan?)
DavidWhat is the triathalon?
$3,700
MikeWhat is the triathlon?
$5,400
DylanWhat is the triathlon?
$4,200
the triathlon

Final scores:

Dylan Mike David
$11,000 $10,800 $7,400
3-day champion: $25,900 2nd place: Trip to Carmel Valley Ranch Resort, Carmel, California 3rd place: DirecTV Satellite System

Game dynamics:

Coryat scores:

Dylan Mike David
$7,800 $5,400 $3,100
18 R,
1 W
(including 1 DD)
16 R,
1 W
10 R
(including 2 DDs),
3 W

Combined Coryat: $16,300

[game clues] [game scores] [suggest correction]

Game tape date: 1999-07-14
The J! Archive is created by fans, for fans. Scraping, republication, monetization, and malicious use prohibited; this site may use cookies and collect identifying information. See terms. The Jeopardy! game show and all elements thereof, including but not limited to copyright and trademark thereto, are the property of Jeopardy Productions, Inc. and are protected under law. This website is not affiliated with, sponsored by, or operated by Jeopardy Productions, Inc. Join the discussion at JBoard.tv.